000 00294nam a22001337a 4500
008 170213b xxu||||| |||| 00| 0 eng d
020 _a2900072559131
041 _aeng
080 _29TH
_a61
100 _a4
101 _aSHM
245 _aCORE CONCEPTS IN HEALTH
_cINSEL, P.M
942 _2udc
_cBK
999 _c5330
_d5330